| 000 | 00616nam a2200217 i 4500 | ||
|---|---|---|---|
| 001 | 00000000064283 | ||
| 003 | OSt | ||
| 005 | 20130517164344.0 | ||
| 008 | 020226s1975 esp 001 spa d | ||
| 020 | _a84-239-0552-7 | ||
| 040 |
_aBU-BP _cBMC |
||
| 082 | _a861.2 | ||
| 100 |
_aSantillana, Íñigo López de Mendoza _cMarqués de _9573 _d1398-1458 |
||
| 245 | 1 | 0 |
_aObras _cEl Marqués de Santillana ; edición al cuidado de Augusto Cortina |
| 250 | _a5ª ed | ||
| 260 |
_aMadrid _bEspasa Calpe _c1975 |
||
| 300 |
_a175 p. _c18 cm |
||
| 490 |
_aAustral _v552 |
||
| 700 |
_aCortina, Augusto _9196 |
||
| 942 |
_2ddc _cBK |
||
| 999 |
_c485 _d485 |
||